000 00957cam a22002771 4500
001 26231
003 BD-RjUL
005 20211209051004.0
008 140320s1966 cauab b 001 0 eng d
035 _a(BD-RjUL)26301
035 _a(OCoLC)412225
040 _aDLC
_cOWibfU
_dOCoLC
_dODaWU
_dOCoLC
_dBD-RjUL
_beng
041 _aeng
082 _a951.042
_bISS 1966
100 1 _aIsrael, John
_980653
245 1 0 _aStudent nationalism in China, 1927-1937 /
260 _aStanford, California :
_bPublished for the Hoover Institution on War, Revolution, and Peace by Stanford University Press,
_c1966.
300 _aix, 253 p. :
_billus., maps. ;
_c24 cm.
504 _aBibliography: p. [231]-244 and index.
650 0 _aStudents
_zChina.
_977303
651 0 _aChina
_xPolitics and government
_y1912-1949.
_978236
710 2 _aHoover Institution on War, Revolution, and Peace.
_980654
942 _2ddc
_cBK
999 _c26231
_d26231